Metodický postup pre účtovné zobrazenie a daňové vplyvy opravných položiek podnikateľov v SR bakalárska práca

Enregistré dans:
Détails bibliographiques
Auteur principal: Papajová, Soňa
Collectivité auteur: Fakulta hospodárskej informatiky EU. Katedra účtovníctva a audítorstva
Autres auteurs: Mateášová, Martina, 1979-
Format: Livre
Langue:slovaque
Publié: Bratislava 2025
Tags: Ajouter un tag
Pas de tags, Soyez le premier à ajouter un tag!

MARC

LEADER 00000nbm a2200000 4500
001 0310624
005 20251204111817.7
041 0 |a slo 
044 |a SK 
245 1 0 |a Metodický postup pre účtovné zobrazenie a daňové vplyvy opravných položiek podnikateľov v SR  |b bakalárska práca  |c Soňa Papajová ; školiteľ: Martina Mateášová 
264 1 |a Bratislava  |c 2025 
300 |a 40 s. 
100 1 |a Papajová, Soňa 
700 1 |a Mateášová, Martina, 1979- 
710 2 |a Fakulta hospodárskej informatiky EU. Katedra účtovníctva a audítorstva